Welcome to CU Library Online Public Access Catalogue (OPAC)

COMPUTER FUNDAMENTALS AND SOFTWARE (Record no. 1009)

MARC details
000 -LEADER
fixed length control field 00397nam a22001457a 4500
005 - DATE AND TIME OF LATEST TRANSACTION
control field 20241111141031.0
008 - FIXED-LENGTH DATA ELEMENTS--GENERAL INFORMATION
fixed length control field 241111b |||||||| |||| 00| 0 eng d
020 ## - INTERNATIONAL STANDARD BOOK NUMBER
International Standard Book Number 8170141660
050 ## - LIBRARY OF CONGRESS CALL NUMBER
Classification number QA 76.
Item number 75 AZA
100 ## - MAIN ENTRY--PERSONAL NAME
Personal name AZAD SUSHIL KUMAR
245 ## - TITLE STATEMENT
Title COMPUTER FUNDAMENTALS AND SOFTWARE
260 ## - PUBLICATION, DISTRIBUTION, ETC.
Place of publication, distribution, etc. NEW DELHI
Name of publisher, distributor, etc. SULTAN CHAND & SONS
Date of publication, distribution, etc. c1996
300 ## - PHYSICAL DESCRIPTION
Extent 237 p
Other physical details DIAGRAMS, ILLS
942 ## - ADDED ENTRY ELEMENTS (KOHA)
Source of classification or shelving scheme Library of Congress Classification
Koha item type Books
Suppress in OPAC No
999 ## -
-- 1009
-- 1009
Holdings
Withdrawn status Lost status Source of classification or shelving scheme Damaged status Not for loan Collection Home library Current library Shelving location Date acquired Total checkouts Full call number Barcode Date last seen Copy number Price effective from Koha item type
    Library of Congress Classification     Non-fiction Undergraduate Library (Christ Temple) Undergraduate Library (Christ Temple) General stacks 11/11/2024   QA 76.75 AZA ulct00000261 11/11/2024 1 11/11/2024 Books
    Library of Congress Classification     Non-fiction Undergraduate Library (Christ Temple) Undergraduate Library (Christ Temple) General stacks 11/11/2024   QA 76.75 AZA ulct00000262 11/11/2024 2 11/11/2024 Books
© 2023-2024 Copyright: Central University Libraries. All Rights Reserved | Created by: Mahone Tech Office